000 00595nam a2200205Ia 4500
003 OSt
005 20230522152603.0
008 210423s2000 xx 000 0 und d
040 _cAL
041 _aeng
082 _a361.3
_223
_bALLS
100 _aALLEN-MEAUS (Paul);GARVIN (Charles),Ed
_9110593
245 _aHandbook of social work direct practice
260 _aNew Delhi
_bSage Publications
_c2000
365 _b4366
_cINR
650 _aSocial Problems & Services
_9110594
650 _aSocial Work
_9110595
906 _adirect ; Handbook ; practice ; social ; work
942 _2ddc
_cBK
999 _c172737
_d172737